000 00778nam a2200205Ia 4500
003 GCL
008 140319s9999 xx 000 0 ara d
040 _aGCL /
_cGCL
082 0 4 _a956.903
_bم م
245 1 0 _aملف نبذة مختصرة عن حصار كنيسة المهد
260 _aالقاهرة :
_bمركز الاهرام للتنظيم وتكنولوجيا المعلومات ،
_c2003
300 _a61 ص ؛
_c40 سم
650 0 4 _aالنزاع العربى الاسرائيلى
650 0 4 _aالقضية الفلسطينية
650 0 4 _aالمقاومة الفلسطينية
650 0 4 _aالحروب العربية الاسرائيلية
650 0 4 _aالكنائس - القدس
650 0 4 _aكنيسة القيامة (القدس)
942 _2ddc
_cBK
999 _c5699
_d5699